JAZYK Python # pre aktuárov
Gespeichert in:
| 1. Verfasser: | |
|---|---|
| Körperschaft: | |
| Weitere Verfasser: | , |
| Format: | Buch |
| Sprache: | Slowakisch |
| Veröffentlicht: |
Bratislava
Vydavateľstvo Letra Edu
2022
|
| Ausgabe: | 1. vydanie |
| Schlagworte: | |
| Tags: |
Keine Tags, Fügen Sie das erste Tag hinzu!
|
MARC
| LEADER | 00000nam a2200000 4500 | ||
|---|---|---|---|
| 001 | 0288000 | ||
| 005 | 20240502074421.9 | ||
| 020 | |a 978-80-89962-97-6 | ||
| 041 | 0 | |a slo | |
| 044 | |a SK | ||
| 245 | 1 | 0 | |a JAZYK Python |b # pre aktuárov |c Michal Páleš ; recenzovali: František Slaninka, Petra Uhrinová |
| 250 | |a 1. vydanie | ||
| 264 | 1 | |a Bratislava |b Vydavateľstvo Letra Edu |c 2022 | |
| 300 | |a [153 s.] [5,88 AH] | ||
| 610 | 2 | 0 | |a programovanie |
| 610 | 2 | 0 | |a jazyky programovacie |
| 610 | 2 | 0 | |a programovanie lineárne |
| 610 | 2 | 0 | |a softvér |
| 610 | 2 | 0 | |a aktuári |
| 610 | 2 | 0 | |a dáta |
| 610 | 2 | 0 | |a analýza dát |
| 610 | 2 | 0 | |a štatistika |
| 610 | 2 | 0 | |a metódy štatistické |
| 100 | 1 | |a Páleš, Michal, 1984- | |
| 700 | 1 | |a Slaninka, František, 1973- | |
| 700 | 1 | |a Uhrinová, Petra | |
| 710 | 2 | |a Ekonomická univerzita v Bratislave. Fakulta hospodárskej informatiky | |